000 01288nam a22002897a 4500
005 20090806111540.0
008 090804t xxu||||| |||| 00| 0 hin d
010 _aHIN-87645
020 _c300.00
_a8188550191
035 _aHN-59991
037 _bDBAD / PUB
040 _adpl
_bhn
082 _a181.499
100 _aराधाकृष्णन्
245 _aनवयुवकों से /
_cअभिनव मैत्रेय
246 _aNavyuvkon Se
_bby Radhakrishanan
260 _aदिल्ली
_bभारत ज्ञान-विज्ञान प्रकाशन
_c2009
270 _a30/35-36, तृतीय तल, गली नं. 9, विश्वास नगर
_bदिल्ली
_e110032
300 _a184पृ.
_c22सेमी (सजिल्द)
500 _a
600 _aराधाकृष्णन
_xदर्शन
600 _aRadhakrishnan
_xPhilosophy
650 _aदर्शन, भारतीय
650 _aPhilosophy, Indic
942 _2ddc
_cHN
_mराधाकृ
_h181.499
999 _c28941
_d28941